Safest Countries in the World - Statistics

General Stats
  • This quiz has been taken 45 times
  • The average score is 11 of 15
Answer Stats
Hint Answer % Correct
14 Norway
95%
8 Canada
93%
12 Australia
91%
5 Denmark
88%
2 New Zealand
88%
11 Ireland
86%
9 Switzerland
86%
1 Iceland
81%
4 Austria
79%
10 Japan
79%
7 Slovenia
56%
6 Czech Republic
53%
3 Portugal
53%
15 Hungary
37%
13 Bhutan
14%
No matching quizzes found
Score Distribution
Percent of People with Each Score
Percentile by Number Answered
Your Score History
You have not taken this quiz